Statistics for NBA All-time career PPG leaders

Click here to take the quiz!

General Stats

  • This quiz has been taken 8 times
  • The average score is 11 of 15

Answer Stats

StatPlayer% Correct
27.1 PPGLebron James
100%
30.1 PPGMichael Jordan
100%
30.1 PPGWilt Chamberlain
100%
26.7 PPGAllen Iverson
86%
25.0 PPGKarl Malone
86%
28.7 PPGLuka Doncic
86%
25.1 PPGDamian Lillard
71%
26.2 PPGGeorge Gervin
71%
27.3 PPGKevin Durant
71%
25.7 PPGOscar Robertson
71%
27.0 PPGJerry West
57%
27.9 PPGJoel Embiid
57%
27.4 PPGElgin Baylor
43%
26.4 PPGBob Pettit
29%
25.5 PPGTrae Young
29%

Score Distribution

Percentile by Number Answered

Percent of People with Each Score

Your Score History

You have not taken this quiz